Stepford County Railway True or False - Statistics

General Stats
  • This quiz has been taken 238 times
  • The average score is 8 of 10
Answer Stats
Question Answer % Correct
If your train stops at Whitefield, you must terminate True
93%
Every operator stops at Benton False
89%
Express stops at Stepford East False
89%
Airlink uses platforms 0-4 in Stepford Central False
88%
Connect stops in every Airlink station False
88%
You get the TD rank by joining the group True
84%
All Express trains have a top speed of 125mph True
80%
In v2.0, there was 6 new stations on 2 new branches False
69%
Class 730/0 has a top speed of 110mph False
55%
Saint Helens Bridge is part of the signalling zone a False
41%
No matching quizzes found
Score Distribution
Percent of People with Each Score
Percentile by Number Answered
Your Score History
You have not taken this quiz